| 000 | 01229nam a2200337 a 4500 | ||
|---|---|---|---|
| 001 | 000039615 | ||
| 003 | DO-SdBNP | ||
| 005 | 20150811130854.0 | ||
| 007 | 000039615 | ||
| 008 | 130711s1996 dr 000 0 spa d | ||
| 040 |
_aBPMUSU _bspa _cBPMSU |
||
| 092 |
_axxxxx _bxxxxx |
||
| 100 | 1 | _aGarcía Molina, Bartolo J. | |
| 245 | 1 | 0 |
_aCurso superior de redacción / _cBartolo García Molina ; prólogo Altagracia Pou Suazo. |
| 250 | _a2a ed. | ||
| 260 |
_aSanto Domingo : _bAlandar _bUniversidad Católica de Santo Domingo, _c1997. |
||
| 300 |
_a356 p. : _bil. ; _c22 cm. |
||
| 490 | 1 |
_aExperiencia didáctica _v4 |
|
| 500 | _aIncluye datos biográficos del autor en las solapas | ||
| 504 | _aIncluye referencias bibliográficas y notas al pie de las páginas | ||
| 504 | _aBibliografías : p. 353-356 | ||
| 700 | 1 |
_aPou Suazo, Altagracia, _epról. |
|
| 830 | 0 |
_aExperiencia didáctica _n4 |
|
| 930 | 1 |
_lBND01 _mLF1 _820130711 _f01 _pHD _g37917 |
|
| 930 | 1 |
_lBND01 _mLF1 _820130911 _f01 _pHD _g39986 _he. 2 |
|
| 942 |
_2ddc _cBK |
||
| 956 |
_aYLOCKWARD _b10 _c20130711 _lBND01 _h1530 |
||
| 956 |
_aNMORDAN _b10 _c20130712 _lBND01 _h0908 |
||
| 956 |
_aBTAVAREZ _b10 _c20150424 _lBND01 _h1032 |
||
| 956 |
_aVMATEO _b10 _c20150811 _lBPMSU _h00151 |
||
| 999 |
_c8174 _d8174 |
||